Champions de tennis masculin - Statistiques

Statistiques générales
  • Ce quiz a été pris 322 fois
  • Le résultat moyen est 25 sur 54
Statistiques - réponses
# Réponse % Correct
17 Rafael Nadal
100%
20 Roger Federer
99%
13 Novak Djokovic
98%
3 Andy Murray
88%
8 Andre Agassi
85%
11 Bjorn Borg
84%
3 Stanislas Wawrinka
84%
7 John McEnroe
81%
14 Pete Sampras
80%
1 Yannick Noah
80%
8 Ivan Lendl
73%
1 Juan Martin del Potro
72%
1 Marin Cilic
66%
3 Gustavo Kuerten
65%
6 Boris Becker
64%
8 Jimmy Connors
63%
2 Marat Safin
60%
1 Michael Chang
60%
2 Lleyton Hewitt
59%
7 Mats Wilander
57%
4 Jim Courier
55%
1 Andy Roddick
54%
6 Stefan Edberg
53%
5 Rod Laver
52%
1 Juan Carlos Ferrero
51%
1 Carlos Moya
50%
2 Ilie Nastase
47%
2 Yevgeny Kafelnikov
43%
3 Arthur Ashe
41%
4 Guillermo Vilas
41%
1 Goran Ivanisevic
39%
2 Sergi Bruguera
39%
1 Gaston Gaudio
36%
2 Patrick Rafter
36%
1 Thomas Muster
35%
1 Albert Costa
32%
5 John Newcombe
32%
1 Andres Gomez
31%
1 Pat Cash
27%
1 Michael Stich
26%
1 Petr Korda
24%
4 Ken Rosewall
23%
2 Stan Smith
23%
1 Thomas Johansson
22%
1 Richard Krajicek
19%
1 Adriano Panatta
18%
1 Vitas Gerulaitis
15%
3 Jan Kodes
14%
2 Johan Kriek
11%
1 Manuel Orantes
11%
1 Andres Gimeno
9%
1 Roscoe Tanner
9%
1 Mark Edmondson
7%
1 Brian Teacher
6%
Aucun quiz correspondant
Distribution des résultats
% des personnes avec chaque résultat
Percentile par nombre de réponses
Votre historique - résultats
Vous n’avez pas pris ce quiz